| 000 | 00555nam a2200181 4500 | ||
|---|---|---|---|
| 999 |
_c189000 _d189000 |
||
| 005 | 20220629154120.0 | ||
| 010 | _aENG-133173 | ||
| 020 |
_a9789387162198 _c350.00 |
||
| 035 | _aEN-116705 | ||
| 037 | _bDBAD/PUB | ||
| 082 | _a515.33 | ||
| 100 | _aMukherjee, Subir Kumar | ||
| 245 |
_aAdvanced differential calculus of several variables/ _cSubir Kumar Mukherjee |
||
| 260 |
_aKolkata _bAcademic Publishers _c2019 |
||
| 270 |
_a5A, Bhawani Dutta Lane _bKolkata _e700073 |
||
| 300 |
_a390p. _c24cm(pbk) |
||
| 942 |
_2ddc _cEN _h515.33 _mMUK |
||